Agreement for minor building works (not for use in Scotland) (Record no. 97284)

MARC details
000 -LEADER
fixed length control field 00548cam a2200193 4500
001 - CONTROL NUMBER
control field D6161
008 - FIXED-LENGTH DATA ELEMENTS--GENERAL INFORMATION
fixed length control field 090401t1977 xxu||||| |||| 00| 0 eng d
035 ## - SYSTEM CONTROL NUMBER
System control number (Sirsi) u87942
041 ## - LANGUAGE CODE
Language code of text/sound track or separate title eng
050 ## - LIBRARY OF CONGRESS CALL NUMBER
Classification number 692.8
110 ## - MAIN ENTRY--CORPORATE NAME
Corporate name or jurisdiction name as entry element Joint Contracts Tribunal
9 (RLIN) 3664
245 ## - TITLE STATEMENT
Title Agreement for minor building works (not for use in Scotland)
260 ## - PUBLICATION, DISTRIBUTION, ETC.
Place of publication, distribution, etc. London
Name of publisher, distributor, etc. RIBA Publications
Date of publication, distribution, etc. 1977
300 ## - PHYSICAL DESCRIPTION
Extent 6p. 30cm
350 ## - PRICE (NR) (BK AM CF MU VM SE) [OBSOLETE]
Price 0.35
520 ## - SUMMARY, ETC.
Summary, etc. First issued June 1968, revised February 1977 ; Filed at JCT 1977/5AC
942 ## - ADDED ENTRY ELEMENTS (KOHA)
Suppress in OPAC 0
948 ## - LOCAL PROCESSING INFORMATION (OCLC); SERIES PART DESIGNATOR (RLIN)
c (OCLC) 04/03/1997
Holdings
Withdrawn status Lost status Source of classification or shelving scheme Damaged status Not for loan Home library Current library Shelving location Date acquired Cost, normal purchase price Total Checkouts Full call number Barcode Date last seen Copy number Cost, replacement price Price effective from Koha item type
    Other/Generic Classification Scheme     London London Gallery 14/09/1999 0.35   JCT 1977/5 30016194 06/08/2019 1 0.35 06/08/2019 Reference material
    Other/Generic Classification Scheme     London London Gallery 07/08/1991 0.35   JCT 1977/5 30016195 06/08/2019 2 0.35 06/08/2019 Reference material